[Event "HUN-ch Rapid 2020"]
[Site "Ajka"]
[Date "2020.07.18"]
[Round "6.4"]
[White "Kaczur, Florian"]
[Black "Berkes, Ferenc"]
[Result "1/2-1/2"]
[WhiteElo "2507"]
[BlackElo "2661"]
[Annotator "TA"]
[PlyCount "46"]
[EventDate "2020.07.17"]
[EventType "swiss"]
[EventCountry "HUN"]
[SourceTitle "playchess.com"]
[Source "ChessBase"]
[SourceQuality "1"]

{[%evp 12,46,18,7,18,14,25,30,25,23,20,6,27,13,14,13,12,0,39,36,37,39,41,20,48,30,45,33,39,35,60,41,49,45,89,49,75]} 1. e4 c6 2. Nc3 d5 3. Nf3 Bg4 4. h3 Bxf3 5. Qxf3 e6 6. g3 Nd7 7. d3 g6 {B11: Caro-Kann: Two Knights Variation.} 8. Bg2 {[%cal Re4d5]} Bg7 9. O-O Ne7 {White has an edge.} 10. Qe2 (10. a4 {feels hotter.} O-O 11. Rd1 d4 12. Nb1 Qc7 13. Qe2) 10... O-O 11. Nb1 {[#]} a5 $146 ({Predecessor:} 11... b5 12. Nd2 a5 13. Nf3 b4 14. Rb1 a4 15. Bg5 h6 16. Bf4 c5 17. c3 a3 18. cxb4 axb2 19. Rxb2 Bxb2 20. Qxb2 {1-0 (32) McShane,L (2629)-Johannessen,L (2519) Drammen 2004}) 12. Nd2 a4 13. a3 b5 14. f4 b4 15. axb4 Qb6+ {[%mdl 64] [#] Double Attack} 16. Kh2 Qxb4 17. e5 c5 18. Nf3 Ra6 19. Ra2 Rc8 20. Bd2 Qb6 21. c4 dxc4 22. dxc4 Nc6 23. Bc3 Nd4 {Accuracy: White = 100%, Black = 76%.} 1/2-1/2

[Event "HUN-ch Rapid 2020"]
[Site "Ajka"]
[Date "2020.07.18"]
[Round "6.5"]
[White "Korpa, Bence"]
[Black "Balogh, Csaba"]
[Result "1/2-1/2"]
[WhiteElo "2545"]
[BlackElo "2580"]
[Annotator "TA"]
[PlyCount "40"]
[EventDate "2020.07.17"]
[EventType "swiss"]
[EventCountry "HUN"]
[SourceTitle "playchess.com"]
[Source "ChessBase"]
[SourceQuality "1"]

{[%evp 19,40,-12,-11,-21,9,-19,-18,-10,-5,-23,-15,-41,-50,-45,7,7,10,27,23,0,0,-9,69]} 1. Nf3 d5 2. g3 Bg4 3. Bg2 c6 4. b3 Nf6 5. Bb2 e6 6. O-O Be7 7. c4 O-O 8. d3 a5 9. a3 Nbd7 10. Nbd2 h6 11. Qc2 {A12: English Opening: 1...c6 with b3 by White.} Bf5 {[#]} 12. Rad1 $146 ({Predecessor:} 12. Bc3 Bh7 13. Qb2 Nc5 14. Rfd1 Re8 {½-½ (14) Kozul,Z (2593)-Bosiocic,M (2598) Hungary 2020}) 12... Bh7 13. Rfe1 $1 Qb6 14. Qc3 Rfd8 15. e4 Nc5 {Hoping for ...Nxd3!} 16. Ne5 $1 Bf8 (16... d4 $15 17. Qc2 Bd6) 17. exd5 $1 $11 cxd5 18. d4 Nce4 19. Nxe4 Nxe4 20. Qe3 Nf6 {Accuracy: White = 83%, Black = 68%.} ({Black should play} 20... f6 $11 21. Ng4 (21. Bxe4 Bxe4 22. c5 Qb5 $11) 21... h5) 1/2-1/2

[Event "HUN-ch Rapid 2020"]
[Site "Ajka"]
[Date "2020.07.18"]
[Round "6.6"]
[White "Ruck, Robert"]
[Black "Banusz, Tamas"]
[Result "0-1"]
[WhiteElo "2540"]
[BlackElo "2628"]
[Annotator "TA"]
[PlyCount "86"]
[EventDate "2020.07.17"]
[EventType "swiss"]
[EventCountry "HUN"]
[SourceTitle "playchess.com"]
[Source "ChessBase"]
[SourceQuality "1"]

{[%evp 12,86,22,20,37,48,47,41,41,37,47,33,35,10,23,0,0,0,31,0,104,91,197,191,206,157,162,168,169,166,161,165,328,267,268,231,231,199,253,252,368,198,527,210,189,8,8,9,9,11,11,-147,-154,-474,-474,-449,-438,-899,-441,-1901,-449,-1896,-1756,-1265,-700,-3150,-559,-29982,-29983,-29983,14,-29984,-29985,-29983,-29984,-29984,-29983]} 1. c4 e6 2. Nf3 d5 3. d4 Nf6 4. Nc3 Nbd7 5. Bg5 c6 6. e3 h6 7. Bh4 g5 $1 {[%mdl 4] is currently scoring better than 7...Be7. D51: Queen's Gambit Declined: 4 Bg5 Nbd7 sidelines.} 8. Bg3 Nh5 9. Qc2 Nxg3 {White is slightly better.} 10. hxg3 Bg7 11. Bd3 Qe7 12. cxd5 exd5 13. O-O-O Nb6 14. Kb1 Bd7 {[#]} 15. Rc1 $146 ({Predecessor:} 15. Nd2 O-O-O 16. Nb3 Bg4 17. Rc1 Kb8 18. Nc5 Bf8 19. Bf5 Bxf5 20. Qxf5 Nd7 21. Nd3 {1-0 (57) Altanoch,G (2227)-Brito,A (1913) ICCF email 2012}) 15... O-O (15... O-O-O $11) 16. Ne5 Be6 (16... Rad8 $16) 17. f4 $1 $18 f5 18. Ng6 Qf6 19. Nxf8 Rxf8 20. Na4 Nc4 21. Nc5 b5 $2 (21... Nxe3 22. fxg5 Qe7) 22. fxg5 hxg5 23. Qe2 Bc8 {Now ...Re8 and Black clings on.} 24. Bxc4 dxc4 (24... bxc4 $142 25. Qh5 Rf7) 25. Qh5 f4 (25... Rf7 {was called for.} 26. Rcd1 g4) 26. gxf4 ({Not} 26. Qh7+ Kf7 $14) (26. g4 $142) 26... gxf4 $2 (26... Bf5+ 27. Ka1 gxf4) 27. Ka1 $2 ({Less strong is} 27. Qh7+ Kf7 $16) (27. g4) 27... Bf5 28. Qf3 $2 (28. Rcf1 $18 fxe3 29. Rf4) 28... fxe3 $11 29. Qxe3 Qxd4 $40 {[%mdl 128] Black is up to no good.} 30. Qxd4 Bxd4 31. Na6 $2 ({White should try} 31. Rh5 $11) 31... Bg6 $1 $17 32. Rhf1 $2 (32. Rh4 $17 Be5 33. Rh6) 32... Rxf1 $19 {[%mdl 64] Overworked Piece} 33. Rxf1 {[%mdl 4096] Endgame KRN-KB} c3 {[%csl Gd4][%cal Rc3b2]} 34. a3 (34. Rb1 $142 c2 35. Re1) 34... Bd3 (34... cxb2+ $142 35. Ka2 c5) 35. Rh1 (35. Rb1 $142 c2 36. Re1) 35... cxb2+ 36. Ka2 c5 37. Rd1 Be4 38. Nc7 a5 (38... Be5 $142 39. Nxb5 a6) 39. Nxb5 b1=Q+ 40. Rxb1 {[#]} Bd5+ $1 41. Rb3 {[#]} a4 $1 {[%mdl 64] Pin. Black mates.} 42. Nxd4 cxd4 43. Kb2 Bxb3 {Accuracy: White = 47%, Black = 58%.} 0-1

[Event "HUN-ch Rapid 2020"]
[Site "Ajka"]
[Date "2020.07.18"]
[Round "6.7"]
[White "Papp, Gabor"]
[Black "Kantor, Gergely"]
[Result "0-1"]
[WhiteElo "2602"]
[BlackElo "2530"]
[Annotator "TA"]
[PlyCount "62"]
[EventDate "2020.07.17"]
[EventType "swiss"]
[EventCountry "HUN"]
[SourceTitle "playchess.com"]
[Source "ChessBase"]
[SourceQuality "1"]

{[%evp 13,62,13,15,2,2,0,16,-8,-12,-21,11,11,8,-111,-84,-112,-112,-245,-122,-128,-133,-169,-164,-176,-168,-584,-229,-493,-488,-472,-467,-432,-174,-339,-347,-372,-365,-436,-393,-586,-641,-603,-583,-592,-589,-654,-656,-1081,-1076,-29987,-29988]} 1. e4 e5 2. Nf3 Nc6 3. Bb5 a6 4. Ba4 Nf6 5. O-O Be7 6. d3 b5 7. Bb3 O-O 8. a3 {C84: Closed Ruy Lopez: Unusual White 6th moves.} d5 9. exd5 Nxd5 {[#]} 10. Nbd2 $146 {The position is equal.} ({Predecessor:} 10. Re1 Bg4 11. h3 Bh5 12. g4 Bg6 13. Nxe5 Nxe5 14. Rxe5 c6 15. Nc3 Bf6 16. Rxd5 cxd5 17. Nxd5 {0-1 (47) Vucinic,G (2396)-Roganovic,M (2505) Subotica 2019}) 10... Bg4 11. Re1 Kh8 12. h3 Bh5 13. a4 (13. g4 $11 {keeps the balance.} Bg6 14. Nxe5 Nxe5 15. Rxe5) 13... Nf4 $17 14. Nf1 Bxf3 15. gxf3 {[#]} (15. Qxf3 $17 {was the only chance.} Nd4 16. Qd1) 15... Nxh3+ (15... Bc5 $1 $19 {[%mdl 512] has better winning chances. ( -> ...Qg5+)} 16. Bxf4 exf4) 16. Kg2 Qd7 17. axb5 axb5 18. Rxa8 Rxa8 19. c3 $2 (19. Be3) 19... Bg5 $2 (19... Ra1 20. d4 Nf4+ 21. Bxf4 Rxd1 22. Rxd1 exf4) 20. Bxg5 $2 (20. f4 Nxf4+ 21. Bxf4 Bxf4 22. Qf3) 20... Nxg5 $19 21. Nh2 Qh3+ 22. Kh1 {[#]} Rd8 $40 {[%mdl 128] [#] Black is out for blood.} (22... e4 $142 $1 {[%cal Rg5f3][%mdl 512]} 23. fxe4 (23. dxe4 Ne5) 23... Ne5) 23. Rg1 $2 (23. f4 $1 {[%mdl 512]} exf4 {[#]} 24. Bd5 $1 {[%mdl 576] Back Rank}) 23... Qf5 24. Qe2 Nh3 25. Ra1 Nf4 {[%mdl 64] Double Attack} 26. Qe4 {[#]} (26. Qf1 $142) 26... Qh3 $1 {[%csl Gf4][%cal Rh3g2]} 27. Rg1 Nxd3 {[%cal Rd3f2][%mdl 64] Double Attack} 28. Qe3 Qh4 29. Rg3 f5 {White must now prevent ...f4!} 30. Kg2 f4 {[%mdl 64] Double Attack} 31. Qe4 Nxf2 {Accuracy: White = 26%, Black = 55%.} 0-1

[Event "HUN-ch Rapid 2020"]
[Site "Ajka"]
[Date "2020.07.18"]
[Round "6.8"]
[White "Szelenyi, Norbert"]
[Black "Erdos, Viktor"]
[Result "0-1"]
[WhiteElo "2283"]
[BlackElo "2618"]
[Annotator "TA"]
[PlyCount "78"]
[EventDate "2020.07.17"]
[EventType "swiss"]
[EventCountry "HUN"]
[SourceTitle "playchess.com"]
[Source "ChessBase"]
[SourceQuality "1"]

{[%evp 9,78,17,35,22,33,32,20,17,35,6,12,14,23,6,3,6,43,-24,-32,-35,14,-45,-64,-121,-77,-167,-68,-68,-68,-75,-58,-76,-48,-81,-76,-85,-1,-85,-76,-119,-116,-181,-176,-200,-202,-193,-195,-220,-174,-172,-172,-194,-199,-199,-160,-163,-147,-266,-249,-252,-252,-245,-183,-225,-188,-241,-230,-226,-206,-206,-208]} 1. Nf3 g6 2. g3 Bg7 3. d4 c5 4. c3 Qa5 5. d5 Nf6 6. Bg2 {A40: Unusual replies to 1 d4.} d6 7. O-O O-O 8. Re1 {The position is equal.} b5 {[#]} 9. Bg5 $146 ({Predecessor:} 9. h3 Nbd7 10. e4 Nb6 11. Nbd2 Rb8 12. a4 bxa4 13. Bf1 c4 14. Nd4 Bd7 15. b4 cxb3 16. N2xb3 Qxc3 {0-1 (52) Buyukasik,D (2285)-Heberla,B (2577) Kocaeli 2017}) 9... Nbd7 {[%cal Bb8d7,Bd7c5,Bc5d3][%mdl 32]} 10. e4 Bb7 11. h3 h6 12. Bf4 c4 13. Re2 (13. Nbd2 $14) 13... Nc5 $36 {[%mdl 2048] White is under pressure.} 14. Nd4 Rfe8 15. Na3 (15. Nd2 $11) 15... a6 $1 $15 16. g4 (16. Qc2 $15) 16... Nd3 17. Bc1 (17. Qd2 $17 {was called for.}) 17... Rad8 ({Black should play} 17... e6 $1 $19 {[%cal Re6d5]} 18. dxe6 fxe6) 18. Nac2 e5 19. Nf3 Nd7 20. Nfe1 Nxc1 21. Qxc1 Nc5 22. Ne3 Bf6 (22... Qc7 $17) 23. Qc2 (23. b4 $11 {remains equal.} cxb3 24. axb3) 23... Bg5 {Black continues to play with concentration.} 24. a3 Bc8 25. Rd1 (25. Nf3 $17) 25... Qc7 $19 26. Nf1 Rf8 27. Ng3 Bf4 28. Bf1 Kh8 29. Ng2 Qe7 30. Nxf4 exf4 31. Nh1 Nd7 {And now ...Ne5 would win.} 32. f3 Ne5 33. Bg2 (33. Rf2 $17) 33... h5 {[%cal Rh5g4]} 34. Qd2 Qf6 ({Not} 34... hxg4 35. hxg4 Qf6 36. Ra1 $17) 35. Nf2 hxg4 {Black is clearly better.} 36. hxg4 {[#]} Kg7 $1 37. Nh3 {[#]} (37. Ra1 {might work better.}) 37... g5 $1 38. Rf2 Rh8 39. Kf1 Rh4 {Accuracy: White = 56%, Black = 75%.} 0-1

[Event "HUN-ch Rapid 2020"]
[Site "Ajka"]
[Date "2020.07.18"]
[Round "6.9"]
[White "Egresi, Mate"]
[Black "Horvath, Adam"]
[Result "1/2-1/2"]
[WhiteElo "2362"]
[BlackElo "2488"]
[Annotator "TA"]
[PlyCount "89"]
[EventDate "2020.07.17"]
[EventType "swiss"]
[EventCountry "HUN"]
[SourceTitle "playchess.com"]
[Source "ChessBase"]
[SourceQuality "1"]

{[%evp 20,89,27,18,16,0,23,-1,-2,-21,-16,-10,12,0,14,0,0,-14,0,0,0,0,0,0,0,-9,60,75,72,67,39,46,125,125,126,127,111,115,164,111,155,140,140,84,91,106,106,89,91,78,74,45,148,86,195,56,57,57,60,40,45,0,56,67,87,0,0,0,71,0,0,0]} 1. d4 Nf6 2. c4 e6 3. Nf3 Bb4+ 4. Bd2 a5 5. g3 b6 6. Bg2 Bb7 7. O-O O-O 8. Bf4 Be7 9. Nc3 Ne4 10. Qc2 Nxc3 11. Qxc3 d6 {E16: Queen's Indian: 4 g3 Bb7 5 Bg2 Bb4+.} 12. Rfd1 Nd7 13. Qc2 f5 {[#]} 14. Ne1 $146 ({Predecessor:} 14. b3 Be4 15. Qc1 Qe8 16. Bg5 Bf6 17. Ne1 Qh5 18. Bxf6 Rxf6 19. Qe3 Raf8 20. Nf3 {1-0 (45) Risting,E (2299)-Ioannidis,E (2407) Porto Carras 2018}) 14... Bxg2 15. Nxg2 Nf6 16. Bg5 Ne4 17. Bxe7 Qxe7 18. f3 Ng5 19. Nf4 e5 20. Nd5 Qf7 21. dxe5 dxe5 22. c5 $36 {[%mdl 2048] White is pushing.} Kh8 (22... b5 $1 $11) 23. cxb6 $14 cxb6 24. Nxb6 Qa7 $1 {[%cal Ra7b6]} 25. Qc5 Ne6 (25... Rab8 $1 $14) 26. Qf2 $1 $16 {Rd7 is the strong threat.} Rad8 27. Nc4 Qc7 28. b3 Nd4 29. Rd3 (29. Rac1 $18) 29... f4 30. Rad1 {Strongly threatening gxf4.} Rde8 31. Nxe5 (31. gxf4 $142 Rxf4 32. Nxe5 {[%mdl 64] Remove Defender} Qxe5 33. Rxd4) 31... Nxe2+ 32. Qxe2 Rxe5 33. Qf2 h6 34. Rd7 Qc6 {aiming for ...fxg3.} 35. Qd4 Qe6 (35... Rff5 $1 $14) 36. gxf4 (36. Rxg7 $142 $1 {Hoping for Rd7.} Kxg7 37. Re1 (37. gxf4 Rxf4 38. Qxf4 Re1+ 39. Rxe1 Qxe1+ 40. Kg2 Qe2+ 41. Kg3 Qxa2 $16) 37... fxg3 38. Rxe5 gxh2+ 39. Kxh2) 36... Re1+ {[#]} (36... Qg6+ $16 37. Kh1 Re2) 37. Rxe1 (37. Kf2 $1 $18 {[%csl Gd7][%cal Rd4g7]} Qe2+ 38. Kg3) 37... Qxe1+ $18 {[%mdl 4096] Endgame KQR-KQR} 38. Kg2 {[%csl Gd7][%cal Rd4g7]} Qe2+ 39. Kg3 {[%csl Gd7][%cal Rd4g7]} Qe1+ 40. Kg2 {[%csl Gd7][%cal Rd4g7]} Qe2+ 41. Qf2 Qe6 42. Qd4 ({White should try} 42. Rd2 $16) 42... Qe2+ $1 $11 43. Kg3 (43. Qf2 $11 Qe6 44. Ra7) 43... Qe1+ $16 {[#]} 44. Kg2 ({White should play} 44. Qf2 $1 $16 {[%cal Rf2e1]} Qe6 45. Qc5 Qe1+ 46. Kg4 Qe6+ 47. Kg3 Qe1+ 48. Kg4 Qe6+ 49. Kg3) 44... Qe2+ $11 45. Kg3 {Accuracy: White = 65%, Black = 68%.} 1/2-1/2

[Event "HUN-ch Rapid 2020"]
[Site "Ajka"]
[Date "2020.07.18"]
[Round "6.10"]
[White "Zentai, Peter"]
[Black "Bagi, Mate"]
[Result "0-1"]
[WhiteElo "2304"]
[BlackElo "2478"]
[Annotator "TA"]
[PlyCount "76"]
[EventDate "2020.07.17"]
[EventType "swiss"]
[EventCountry "HUN"]
[SourceTitle "playchess.com"]
[Source "ChessBase"]
[SourceQuality "1"]

{[%evp 13,76,53,54,25,64,56,56,58,51,54,54,44,50,47,58,50,43,39,43,0,0,-6,0,-19,-21,-23,-6,-18,-7,-23,-20,-55,-50,-229,-80,-86,-89,-85,-90,-79,-71,-95,-89,-103,-90,-104,-93,-84,-30,-132,-122,-324,-325,-326,-318,-329,-300,-574,-574,-29972,-29973,-5714,-5614,-2328,-2258]} 1. d4 Nf6 2. c4 c5 3. d5 e6 4. Nc3 exd5 5. cxd5 d6 6. e4 g6 7. Bd3 Bg7 8. h3 {A65: Modern Benoni: 6 e4.} a6 9. a4 Nbd7 10. Nf3 {White is slightly better.} Nh5 11. Bg5 Bf6 12. Be3 Ne5 13. Be2 Nxf3+ 14. Bxf3 Ng7 15. O-O O-O 16. Qc2 Be5 {[#]} 17. Rab1 $146 ({Predecessor:} 17. Qd2 f5 18. Bg5 Qa5 19. Rfe1 f4 20. Qc1 Qb4 21. Rb1 Bd7 22. Ne2 Bxa4 23. Bxf4 Rxf4 24. Nxf4 {1-0 (29) Grabarczyk,M (2476)-Szoen,D (2491) Lublin 2008}) 17... Bd7 18. Qd2 f5 {[#] Threatens to win with ...f4.} 19. Bg5 Qa5 20. Rfe1 Rae8 21. Bh6 Rf7 22. Bd1 f4 23. Bg4 $2 (23. h4 $15) 23... Qd8 (23... Bxg4 $19 {has better winning chances.} 24. hxg4 Qd8) 24. Bxd7 $17 Qxd7 25. f3 Qd8 26. Bxg7 Rxg7 27. Ne2 g5 28. b4 b6 {[%cal Bb7b6,Bb6c5][%mdl 32]} 29. bxc5 bxc5 30. Qd3 Qc8 (30... h5 $17 {...g4 is the strong threat.} 31. Rf1 (31. Qxa6 $2 g4 $19) 31... g4 32. hxg4 (32. Qxa6 $2 gxh3 33. Qc6 Rxg2+ {[%mdl 64] Double Attack} 34. Kh1 Rxe2 $19) 32... hxg4 33. fxg4 Qd7) 31. Qc4 (31. Rb6 $11) 31... h5 32. g4 $2 (32. Kh1 $17 {was called for.}) 32... fxg3 $19 33. Kg2 Rf8 34. Rf1 h4 35. Rb6 $2 {[#]} (35. a5 {was necessary.}) 35... g4 $1 {[%mdl 512]} 36. fxg4 Rxf1 37. Kxf1 Qf8+ 38. Ke1 Qf2+ {Accuracy: White = 58%, Black = 83%.} 0-1

[Event "HUN-ch Rapid 2020"]
[Site "Ajka"]
[Date "2020.07.18"]
[Round "6.11"]
[White "Almasi, Zoltan"]
[Black "Terbe, Julianna"]
[Result "0-1"]
[WhiteElo "2687"]
[BlackElo "2273"]
[Annotator "TA"]
[PlyCount "86"]
[EventDate "2020.07.17"]
[EventType "swiss"]
[EventCountry "HUN"]
[SourceTitle "playchess.com"]
[Source "ChessBase"]
[SourceQuality "1"]

{[%evp 18,86,10,11,32,30,39,31,44,-8,0,0,17,10,18,0,29,0,0,0,0,0,57,50,53,42,81,93,126,32,35,21,113,123,256,262,239,232,241,129,235,248,210,75,97,68,68,64,70,67,80,82,71,-150,-150,-150,-147,-147,-154,-153,-153,-294,-294,-294,-294,-294,-294,-287,-287,-272,-249]} 1. Nf3 d5 2. b3 Nf6 3. Bb2 c6 4. g3 Bf5 5. Bg2 e6 6. d3 h6 7. O-O Be7 8. Nbd2 O-O 9. Qe1 {9.Re1 is the modern continuation.} Bh7 10. e4 c5 {A07: Réti Opening: New York and Capablanca Systems.} 11. Ne5 {[#]} Nbd7 $146 ({Predecessor:} 11... Nc6 12. Nxc6 bxc6 13. Qe2 a5 14. a4 Qc7 15. f4 Rae8 16. Rae1 Nd7 17. g4 f6 18. Nf3 {1-0 (41) Vazquez,F (1945)-Aguerre,V (1698) Nueva Helvecia 2018}) 12. f4 Rc8 {White is slightly better.} 13. Kh1 ({Better is} 13. a4 $14) 13... b5 $11 14. Rd1 Nb6 15. g4 Nfd7 16. Ndf3 $36 {[%mdl 2048] White has good play.} c4 17. f5 cxb3 18. cxb3 Rc2 19. Rf2 Rxf2 (19... Bb4 $11 20. Rxc2 Bxe1) 20. Qxf2 $14 Nxe5 21. Nxe5 {Hoping for Nc6.} dxe4 22. Nc6 e3 23. Nxe7+ ({White should play} 23. Qxe3 $16 Bg5 24. Qe5) 23... Qxe7 24. Qxe3 {f6 is the strong threat.} Qh4 (24... Qg5 $11 {keeps the balance.} 25. Qxg5 hxg5) 25. fxe6 $16 {Black must now prevent e7.} Qxg4 {[#]} (25... Qe7 $16) 26. Rg1 $1 $18 Qxe6 27. Qxe6 fxe6 {[#]} 28. Bd5 (28. Bh3 $1 $18 {[%mdl 512]} Rf3 29. Bxe6+ Kf8 30. Ba3+ (30. Rxg7 Re3 $16) (30. Bxg7+ Ke7 $16) 30... Ke8 31. Rxg7 {[%mdl 64] Double Attack}) 28... Rf2 (28... Re8 $16 {was worth a try.}) 29. Bxe6+ Kf8 30. Bd4 (30. Rxg7 Bxd3 31. Bd4 Re2 $11) (30. Ba3+ $18 Ke8 31. Rxg7 {[%mdl 64] Double Attack}) 30... Re2 $16 31. Bc5+ ({Don't play} 31. Rxg7 $6 Bxd3 32. Rg3 Re1+ 33. Kg2 Rxe6 $11) 31... Ke8 32. Rxg7 {aiming for Bf7+.} Rxe6 33. Rxh7 $14 {[%mdl 4096] Endgame KRB-KRN} Nd5 34. Rxa7 Nf4 35. Kg1 $2 (35. Bf2 $16 {stays on course.}) 35... Re1+ $17 36. Kf2 Nxd3+ {[%mdl 64] Double Attack} 37. Kf3 Nxc5 {KRN-KR} 38. Ra5 Ne6 39. Rxb5 (39. Kg4 $17) 39... Nd4+ $19 {[%mdl 64] Double Attack. Black has a decisive advantage.} 40. Kf2 {Strongly threatening Rb8+.} Re2+ {[%mdl 64] Double Attack} ({Weaker is} 40... Nxb5 41. Kxe1 Nc3 42. a4 $15) 41. Kf1 Rxa2 42. Rh5 Ra6 43. b4 Rb6 {What a bad dream for White. Accuracy: White = 54%, Black = 66%.} 0-1

[Event "HUN-ch Rapid 2020"]
[Site "Ajka"]
[Date "2020.07.18"]
[Round "6.12"]
[White "Martini, Balazs"]
[Black "Mihok, Oliver"]
[Result "0-1"]
[WhiteElo "2339"]
[BlackElo "2552"]
[Annotator "TA"]
[PlyCount "52"]
[EventDate "2020.07.17"]
[EventType "swiss"]
[EventCountry "HUN"]
[SourceTitle "playchess.com"]
[Source "ChessBase"]
[SourceQuality "1"]

{[%evp 10,52,13,8,15,2,5,1,21,10,10,0,0,0,-11,-13,-8,-4,8,-10,-15,-30,22,-36,-35,-24,-33,-29,-29,-26,-33,-41,-37,-34,-35,-45,0,0,0,0,0,-292,-293,-410,-398]} 1. d4 Nf6 2. Nf3 g6 3. Bg5 Bg7 4. e3 O-O 5. Be2 d6 6. O-O c5 {A48: 1 d4 Nf6 2 Nf3 g6: Torre, London and Colle Systems.} 7. Nbd2 b6 8. a4 a6 {The position is equal.} 9. c3 Bb7 10. Qb1 Nbd7 {[#]} 11. Rc1 $146 ({Predecessor:} 11. b4 Qc7 12. Rc1 Rfc8 13. Qb2 cxb4 14. cxb4 Qd8 15. Ne1 h6 16. Bh4 Rxc1 17. Rxc1 Rc8 {½-½ (17) Rubinetti,J (2438)-Altamirano,B (2333) Tres de Febrero 2003}) 11... h6 12. Bh4 Rc8 13. Qa2 Rc7 14. b4 Qa8 (14... g5 $5 15. Bg3 $8 Nh5 $11) 15. a5 cxb4 (15... cxd4 $142 $1 16. cxd4 Rxc1+ 17. Rxc1 Rc8 18. Rxc8+ Qxc8) 16. axb6 (16. c4 $11) 16... Rxc3 $15 {...g5 is the strong threat.} 17. Bxf6 Bxf6 18. Qa5 Rxc1+ 19. Rxc1 Rc8 20. Rc7 Rxc7 21. bxc7 Qc8 22. Bc4 e6 23. Bb3 $1 Be7 24. Ba4 Nf6 {[#] And now ...Nd5 would win.} 25. h4 $2 {[%mdl 8192]} (25. e4 $1 $11 {and White is okay.}) 25... Nd5 $19 26. e4 Qxc7 {Accuracy: White = 79%, Black = 89%.} 0-1

[Event "HUN-ch Rapid 2020"]
[Site "Ajka"]
[Date "2020.07.18"]
[Round "6.13"]
[White "Mester, Gyula"]
[Black "Borhy, Marcell"]
[Result "1-0"]
[WhiteElo "2341"]
[BlackElo "2311"]
[Annotator "TA"]
[PlyCount "111"]
[EventDate "2020.07.17"]
[EventType "swiss"]
[EventCountry "HUN"]
[SourceTitle "playchess.com"]
[Source "ChessBase"]
[SourceQuality "1"]

{[%evp 12,111,0,0,7,0,-9,-9,-12,-22,0,0,0,0,22,22,27,42,35,25,25,25,25,9,6,0,0,-50,-12,-17,-14,-36,0,0,0,0,0,0,0,0,0,0,0,1,60,-56,13,13,13,12,82,56,139,74,71,16,18,15,56,0,0,0,0,0,0,0,0,0,0,0,0,0,0,0,0,0,0,0,2,0,0,0,8,8,1114,851,1120,1119,900,740,841,437,29979,29971,29983,29984,29984,29985,29985,29968,29986,29987]} 1. d4 d5 2. c4 dxc4 3. Nf3 a6 4. a4 Nf6 5. e3 Bg4 6. Bxc4 e6 7. h3 Bh5 {D21: Queen's Gambit Accepted: 3 Nf3 sidelines.} 8. Qb3 Nc6 {[#]} 9. a5 $146 ({Don't go for} 9. Qxb7 $2 Na5 $19) ({Predecessor:} 9. Bd2 Rb8 10. Bc3 Bd6 11. Nbd2 O-O 12. a5 Qe7 13. O-O Bxf3 14. Nxf3 Ne4 15. Be1 {1-0 (38) Ezsol,M (2363)-Akots,G (2269) Hungary 2012}) 9... Bxf3 {The position is equal.} 10. gxf3 Bb4+ 11. Bd2 Qd6 12. Bxb4 Qxb4+ 13. Nd2 O-O 14. Qxb4 Nxb4 15. Ra4 Nbd5 16. Bxd5 Nxd5 17. Nb3 b6 18. Kd2 Rfb8 19. e4 bxa5 20. Kc2 Nb4+ 21. Kc3 $1 Nc6 (21... Nd3 $5) 22. Nxa5 Nxa5 23. Rxa5 $11 {[%mdl 4096] Endgame KRR-KRR} Rb6 24. b4 Rab8 25. Rb1 Kf8 26. h4 Rc6+ 27. Rc5 Rbb6 ({Black should try} 27... Rcb6 $1 $11) 28. Kb3 (28. Kc4 $14) 28... e5 (28... Rxb4+ $1 $15 29. Kxb4 Rb6+ 30. Kc3 Rxb1) 29. Rxc6 Rxc6 30. dxe5 {KR-KR} Rb6 (30... Rh6 $1 $11) 31. Kc4 Ke7 (31... Rh6 $1 $14) 32. Ra1 (32. f4 $142) 32... Rh6 $16 33. Kd5 (33. Kd3 $16) 33... Rxh4 $11 34. Rxa6 Rh1 35. e6 (35. f4 $14) 35... Rd1+ 36. Ke5 f6+ 37. Kf5 g6+ 38. Kf4 Rc1 39. Ke3 h5 40. f4 Rc4 41. f5 gxf5 42. exf5 Rxb4 43. Rc6 Kd8 44. Rc1 h4 45. Rd1+ Ke8 46. Rd7 h3 {White should prevent ...Rh4.} 47. Rh7 c6 $2 {[%mdl 8192] [#] Now Black is done in.} (47... c5 $11) 48. f3 $1 $18 Rb5 49. Kf4 Rb4+ 50. Kg3 Rb5 51. Kg4 Rb4+ (51... Rb1 $18 52. Rxh3 Rg1+ 53. Kf4 c5 54. Rh8+ Ke7 55. Rh7+ Kf8 56. Rf7+ Ke8 57. Rxf6 Re1) 52. Kh5 {White mates.} Rf4 {[#]} 53. Kg6 $1 {[%mdl 576] Discovered Attack} Rxf3 54. Kxf6 {[%cal Rh7h8]} Kd8 55. Rh8+ Kc7 56. e7 {Accuracy: White = 82%, Black = 63%.} 1-0